VIII Seminario Universitario Interamericano sobre Asuntos Municipales. (Record no. 143174)

MARC details
000 -LEADER
campo de control de longitud fija 00679nam a2200181 4500
001 - NÚMERO DE CONTROL
campo de control 143174
003 - IDENTIFICADOR DE NÚMERO DE CONTROL
campo de control ES-MaACL
005 - FECHA Y HORA DE LA ÚLTIMA TRANSACCIÓN
campo de control 20251220174400.0
007 - CAMPO FIJO DE DESCRIPCIÓN FÍSICA--INFORMACIÓN GENERAL
campo de control de longitud fija t|
008 - DATOS DE LONGITUD FIJA--INFORMACIÓN GENERAL
campo de control de longitud fija 070214s1973 sp r ||||1| spa d
111 2# - ENTRADA PRINCIPAL--NOMBRE DE CONGRESO/REUNIÓN
Nombre de congreso/reunión o jurisdicción como elemento de entrada Seminario Universitario Interamericano sobre Asuntos Municipales
Sede del congreso/Lugar de la reunión (Málaga
Fecha del congreso o de la firma del tratado (1972)
Número del congreso/reunión o número de parte o sección (8ª)
9 (RLIN) 135213
245 10 - MENCIÓN DEL TÍTULO
Título VIII Seminario Universitario Interamericano sobre Asuntos Municipales.
260 ## - PUBLICACIÓN, DISTRIBUCIÓN, ETC.
Lugar de publicación, distribución, etc. Madrid :
Nombre del editor, distribuidor, etc. Instituto de Estudios de Administración Local,
Fecha de publicación, distribución, etc. 1973.
300 ## - DESCRIPCIÓN FÍSICA
Extensión 246 p. ;
Dimensiones 24 cm.
710 20 - ENTRADA AGREGADA--NOMBRE DE ENTIDAD CORPORATIVA
Nombre de entidad corporativa o nombre de jurisdicción como elemento de entrada Instituto de Estudios de Administración Local (España)
9 (RLIN) 4893
852 ## - LOCALIZACIÓN
Ubicación ES-MaACL
Número de control de estantería C-54664
Sublocalización o colección R.87100
Holdings
Estatus retirado Estado de pérdida Estado de daño No para préstamo Biblioteca de origen Biblioteca actual Ubicación en estantería Fecha de adquisición Fuente de adquisición Total de préstamos Signatura topográfica completa Código de barras Visto por última vez Precio de reemplazo Tipo de ítem Koha
        Biblioteca del Ateneo de Madrid Biblioteca del Ateneo de Madrid Depósito 2 17/01/2008     C-54664 1148962 23/02/2023 23/02/2023 Libro impreso